Urugwajczycy w Atletico Madryt - nagła śmierć - Statystyki

Ogólne statystyki
  • Ten quiz został rozwiązany 47 razy
  • Średni wynik to 4 z 7
Answers on the Grid
Answers color-coded by a green-red scale on the quiz's grid according to % correct below.
Martin Caceres
Edinson Cavani
Fernando Correa
Diego Forlan
Enzo Francescoli
Walter Gargano
Jose Maria Gimenez
Diego Godin
Diego Lugano
Alvaro Recoba
Cristian Rodriguez
Jorge da Silva
Ruben Sosa
Luis Suarez
 
Statystyki odpowiedzi
Odpowiedź % Poprawnych
Diego Forlan
88%
Diego Godin
86%
Jose Maria Gimenez
79%
Luis Suarez
79%
Fernando Correa
36%
Cristian Rodriguez
33%
Jorge da Silva
12%
Nie znaleziono quizów pasujących do podanych kryteriów
Rozkład punktacji
Procent ludzi z każdym wynikiem
Percentyl według liczby udzielonych odpowiedzi
Twoja historia wyników
Nie rozwiązałeś tego quizu